The open society and its enemies
Αποθηκεύτηκε σε:
| Κύριος συγγραφέας: | |
|---|---|
| Μορφή: | Βιβλίο |
| Γλώσσα: | English |
| Δημοσίευση: |
London :
Routledge,
2003.
|
| Σειρά: | Routledge classics
|
| Θέματα: | |
| Ετικέτες: |
Προσθήκη ετικέτας
Δεν υπάρχουν, Καταχωρήστε ετικέτα πρώτοι!
|
MARC
| LEADER | 00000cam a2200000 i 4500 | ||
|---|---|---|---|
| 001 | 1/80907 | ||
| 008 | 080408s2003 enk| ||| |||| ||eng|| | ||
| 020 | |a 9780415278423 | ||
| 035 | |l 10096337 | ||
| 040 | |a GR-MyUa |b gre |e AACR2 | ||
| 041 | 0 | |a eng | |
| 082 | 7 | |a 320.01 |2 (22) | |
| 100 | 1 | |a Popper, Karl R. |q (Karl Raimund), |d 1902-1994. | |
| 245 | 1 | 4 | |a The open society and its enemies / |c Karl Popper. |
| 260 | |a London : |b Routledge, |c 2003. | ||
| 300 | |a 2 τ. ; |c 21 εκ. | ||
| 490 | 1 | |a (Routledge classics) | |
| 504 | |a Περιέχει ευρετήρια | ||
| 600 | 1 | 0 | |a Hegel, Georg Wilhelm Friedrich, |d 1770-1831. |
| 600 | 1 | 0 | |a Marx, Karl, |d 1818-1883. |
| 650 | 0 | 0 | |a Political science |x Philosophy. |
| 740 | 0 | |a Hegel and Marx | |
| 767 | 0 | 8 | |i Μεταφρασμένο ως: |t Η ανοιχτή κοινωνία και οι εχθροί της / |
| 830 | 0 | |a Routledge classics | |
| 852 | |a INST |b SAMOS |e 20080408 |h 320.01 POP |p 005300026554 |q 005300026554 |t BK |v τομ.2: |y 0 | ||
| 901 | |a BIBL3-2008-1 | ||
| 922 | |a 3ΕΛΗ |b 200711 |c ΕΠΕΑΕΚ2/ΤΜΠΕΣ |d ΠΑΠΑΣΩΤΗΡΙΟΥ | ||
| 970 | |a ΡΟΥΣΣΟΥ |b ΚΩΝΣΤΑΝΤΙΝΑ |z 2008/04/08 | ||